El niño y la televisión: historia para pensar en grupos /
El documento contiene un taller de tres sesiones para abordar con padres, madres y/o maestros (as) el uso que se da en la familia de la televisión, ese aparado luminoso que, definitivamente codecide junto a los padres el comportamiento, actitudes y el desarrollo psíquico y educativo de los niños y...
Uloženo v:
| Hlavní autor: | |
|---|---|
| Médium: | Text |
| Jazyk: | Spanish |
| Vydáno: |
Alajuela, Costa Rica:
Alfalit Internacional
|
| Edice: | Cuadernos populares;
n°7 |
| Témata: | |
| Tagy: |
Přidat tag
Žádné tagy, Buďte první, kdo vytvoří štítek k tomuto záznamu!
|
MARC
| LEADER | 00000 a a2200000 04500 | ||
|---|---|---|---|
| 001 | 40135 | ||
| 003 | cru CIDCACS/IIS | ||
| 005 | 20171102062530.0 | ||
| 008 | 170824b xxu||||| |||| 00| 0 spa d | ||
| 999 | |c 15414 |d 15414 | ||
| 020 | |a 9977-948-22-4 | ||
| 040 | |c cru CIDCACS/IIS | ||
| 090 | |a 0104 A385n | ||
| 100 | |a Damián, Juan | ||
| 245 | |a El niño y la televisión: |b historia para pensar en grupos / |c Juan Damián | ||
| 260 | |a Alajuela, Costa Rica: |b Alfalit Internacional | ||
| 300 | |a 45 páginas: ilustraciones | ||
| 440 | |a Cuadernos populares; |v n°7 | ||
| 520 | |a El documento contiene un taller de tres sesiones para abordar con padres, madres y/o maestros (as) el uso que se da en la familia de la televisión, ese aparado luminoso que, definitivamente codecide junto a los padres el comportamiento, actitudes y el desarrollo psíquico y educativo de los niños y niñas. En base a su experiencia en trabajo grupal, el autor propone un dialogo con los padres, brindando la posibilidad de cuestionarse y opinar sobre el impacto de la televisión y los mensajes transmitidos por la misma. La guía esta abierta a modificaciones, debe ser ejecutada por una persona coordinadora y ha sido concebida para 3 reuniones de 2 horas cada una; sin embargo la persona coordinadora puede simplificar el proceso en una sola reunión de dos horas, aunque la riqueza del dialogo grupal será disminuida. KDV/240807 | ||
| 650 | 0 | |9 3201 |a NIÑOS | |
| 650 | 1 | 0 | |9 91 |a FAMILIA |
| 650 | 1 | 0 | |9 1673 |a TELEVISION |
| 650 | 1 | 0 | |9 1436 |a TRABAJO EN GRUPO |
| 942 | |2 ddc |c LI | ||



